Disney Animated Actors by Characters - Statistics

General Stats
  • This quiz has been taken 146 times
  • The average score is 11 of 18
Answer Stats
Hint Answer % Correct
Maui Dwayne Johnson
93%
Genie Robin Williams
89%
Woody Tom Hanks
88%
Elsa Idina Menzel
85%
Anna Kristen Bell
85%
Dory Ellen DeGeneres
77%
Buzz Lightyear Tim Allen
75%
Mufasa James Earl Jones
70%
Olaf Josh Gad
66%
Sulley John Goodman
57%
Adult Simba Matthew Broderick
54%
Frozone Samuel L. Jackson
54%
Kristoff Jonathan Groff
47%
Young Simba Jonathan Taylor Thomas
40%
Candace Ashley Tisdale
31%
Chief Bogo Idris Elba
31%
Remy Patten Oswalt
26%
Goofy Bill Farmer
23%
No matching quizzes found
Score Distribution
Percent of People with Each Score
Percentile by Number Answered
Your Score History
You have not taken this quiz